000 00728nam a2200217 a 4500
005 20240308063712.0
008 040616s2000 mx r 000 0 spa d
020 _a9701851412
035 _aUPN01000133758
049 _aCG
050 4 _aHV5824 Y6.8
_bC6.5
245 0 0 _aConstruye tu vida sin adicciones :
_bmodelo de prevención.
260 _aMéxico :
_bSEP,
_cc2000.
300 _a119 p. +
_e1 guía (39 p.) + 54 tarjetas en un estuche
440 0 _aBiblioteca para la actualización del maestro
590 _aSolicita las tarjetas en Mostrador de Préstamo
650 4 _aDrogas y jóvenes
_91397
650 4 _aAbuso de drogas
_9242
650 4 _aDROGAS -
_xESTUDIO Y ENSEÑANZA (SECUNDARIA)
_915451
905 _aLibro
999 _c105909
_d105909